Aplicación de un tratamiento silvicultural experimental en un bosque de La Lupe, río San Juan, Nicaragua / (Registro nro. 2536)

Detalles MARC
000 -CABECERA
Campo de control 01178nam a2200313 u 4500
005 - FECHA Y HORA DE LA ULTIMA TRANSACCION
Campo de control 20191224041640.0
008 - ELEMENTOS DE LONGITUD FIJA—INFORMACION GENERAL
Campo de control 140306t2001 cr d||||r|||| 00| 0 spa d
040 ## - FUENTE DE CATALOGACIÓN
Agencia catalogadora original CO-BoIAVH
Agencia transcriptora CO-BoIAVH
041 0# - IDIOMA
Código de idioma para texto/pista de sonido o título separado Español
044 ## - PAÍS DE PUBLICACIÓN
País de publicación Costa Rica
082 04 - NUMERO DE CLASIFICACION DECIMAL DEWEY
Número de clasificación 634.95
Número del ítem S11a
100 1# - ASIENTO PRINCIPAL--NOMBRE PERSONAL
Nombre personal Sabogal, César
Término relacionado autor
9 (RLIN) 6767
245 10 - MENCION DE TITULO
Título Aplicación de un tratamiento silvicultural experimental en un bosque de La Lupe, río San Juan, Nicaragua /
Mención de responsabilidad César Sabogal [ y otros 3]
260 ## - PUBLICACION, DISTRIBUCION, ETC. (PIE DE IMPRENTA)
Lugar de publicación, distribución, etc. Turrialba (Costa Rica) :
Nombre del editor, distribuidor, etc. CATIE. Unidad de Manejo de Bosques Naturales,
Fecha de publicación, distribución, etc. 2001.
300 ## - DESCRIPCION FISICA
Extensión xi, 37 páginas :
Otros detalles físicos tablas ;
Dimensiones 24 x 16 cm.
490 0# - MENCION DE SERIE
Mención de serie Serie técnica. Informe técnico / CATIE ;
Designación numérica/secuencial del volumen 324
500 ## - NOTA GENERAL
Nota general Incluye anexo.
504 ## - NOTA DE BIBLIOGRAFIA, ETC.
Nota de bibliografía Incluye referencias bibliográficas.
650 26 - ASIENTO SECUNDARIO DE MATERIA - TERMINO TEMATICO
Término temático o nombre geográfico como elemento de entrada Bosque tropical
9 (RLIN) 70006
650 26 - ASIENTO SECUNDARIO DE MATERIA - TERMINO TEMATICO
Término temático o nombre geográfico como elemento de entrada Silvicultura
9 (RLIN) 70016
650 14 - ASIENTO SECUNDARIO DE MATERIA - TERMINO TEMATICO
Término temático o nombre geográfico como elemento de entrada Tratamientos silviculturales
9 (RLIN) 16411
650 26 - ASIENTO SECUNDARIO DE MATERIA - TERMINO TEMATICO
Término temático o nombre geográfico como elemento de entrada Bosque
Subdivisión general uso sostenible
9 (RLIN) 70017
650 26 - ASIENTO SECUNDARIO DE MATERIA - TERMINO TEMATICO
Término temático o nombre geográfico como elemento de entrada Dinámica de poblaciones
9 (RLIN) 3491
662 ## - ASIENTO SECUNDARIO DE MATERIA - JERARQUIA DEL NOMBRE DE LUGAR(
País o entidad mayor Nicaragua
Jurisdicción política intermedia Río San Juan
700 1# - ASIENTO SECUNDARIO - NOMBRE PERSONAL
Nombre personal Castillo, Alfonso
Término de relación autor
9 (RLIN) 16391
700 1# - ASIENTO SECUNDARIO - NOMBRE PERSONAL
Nombre personal Mejía, Alejandro
Término de relación autor
9 (RLIN) 16413
700 1# - ASIENTO SECUNDARIO - NOMBRE PERSONAL
Nombre personal Castañeda, Armando
Término de relación autor
9 (RLIN) 16393
942 ## - ELEMENTOS ADICIONALES (KOHA)
Tipo de ítem Libro
Sistema de clasificación Dewey Decimal Classification
Existencias
Withdrawn status Lost status Sistema de Clasificación Damaged status No para préstamo Colección Inventariado Ubicación Permanente Ubicación actual Fecha de adquisición Fuente de Valor Valor Total Checkouts Número topográfico Inventario / Código de Barras Date last seen Ejemplar Price effective from Forma de adquisición Tipo de material
    Dewey Decimal Classification     General Inventariado 2017 Sala Fabio Quevedo Sala Fabio Quevedo 08/02/2002 Instituto 39000.00   LB-634.95 S11a 003299 04/12/2012 Ej. 1 04/12/2012 Donación Libro